[Event "Yuzhny op"]
[Site "Yuzhny"]
[Date "2009.09.13"]
[Round "9"]
[White "Bogatyrev, Sergey"]
[Black "Rakhmangulov, Andrei"]
[Result "0-1"]
[WhiteElo "2277"]
[BlackElo "2367"]
[PlyCount "92"]
[EventDate "2009.09.08"]
[EventType "swiss"]
[EventRounds "9"]
[EventCountry "UKR"]
[SourceTitle "CBM 132 Extra"]
[Source "ChessBase"]
[SourceDate "2009.11.03"]
[SourceVersion "1"]
[SourceVersionDate "2009.11.03"]
[SourceQuality "1"]

1. d4 Nf6 2. c4 c5 3. d5 b5 4. Nd2 bxc4 5. e4 c3 6. bxc3 d6 7. Ngf3 g6 8. Bd3 Bg7 9. 0-0 0-0 10. Re1 e6 11. Bb2 exd5 12. exd5 Nbd7 13. c4 Rb8 14. Bc3 Nb6 15. Qc2 Bd7 16. a4 Re8 17. a5 Rxe1+ 18. Nxe1 Na8 19. Rb1 Nc7 20. Rb2 Na6 21. Qb1 Rxb2 22. Qxb2 Nb4 23. Ne4 Nxd3 24. Nxd3 Nxe4 25. Bxg7 f6 26. Bh6 Ng5 27. Bxg5 fxg5 28. Qc3 Bf5 29. Ne1 g4 30. f3 Qe7 31. Kf1 h5 32. fxg4 hxg4 33. Qg3 Qf6 34. Qf4 Kg7 35. Ke2 Qb2+ 36. Kf1 Qc3 37. Qxd6 Qxc4+ 38. Kf2 Qd4+ 39. Ke2 Qb2+ 40. Ke3 Qc3+ 41. Ke2 Qb2+ 42. Kf1 Qf6 43. Qc7+ Kh6 44. Ke2 Qb2+ 45. Kf1 Qf6 46. Qxc5 Bd3+ 0-1

[Event "Yuzhny op"]
[Site "Yuzhny"]
[Date "2009.09.10"]
[Round "4"]
[White "Baranov, Jury"]
[Black "Bogatyrev, Sergey"]
[Result "0-1"]
[WhiteElo "2163"]
[BlackElo "2277"]
[PlyCount "50"]
[EventDate "2009.09.08"]
[EventType "swiss"]
[EventRounds "9"]
[EventCountry "UKR"]
[SourceTitle "CBM 132 Extra"]
[Source "ChessBase"]
[SourceDate "2009.11.03"]
[SourceVersion "1"]
[SourceVersionDate "2009.11.03"]
[SourceQuality "1"]

1. d4 Nf6 2. Nf3 e6 3. a3 b6 4. Bf4 Bb7 5. Nc3 Be7 6. h3 0-0 7. e3 c5 8. Be2 Nc6 9. 0-0 d6 10. Bh2 Rc8 11. Re1 Rc7 12. dxc5 bxc5 13. Nb5 Rd7 14. c4 d5 15. cxd5 exd5 16. Bf1 d4 17. exd4 cxd4 18. a4 Bb4 19. Nd2 Nd5 20. Bd3 Ne3 21. Qe2 Nxg2 22. Red1 Nh4 23. Ne4 f5 24. Ng3 Ne5 25. Qh5 Bf3 0-1

[Event "RUS-ch U18"]
[Site "Kolontaevo"]
[Date "1998.??.??"]
[Round "?"]
[White "Bogatyrev, Sergey"]
[Black "Shaposhnikov, Evgeny"]
[Result "0-1"]
[WhiteElo "2260"]
[BlackElo "2415"]
[PlyCount "72"]
[EventDate "1998.??.??"]
[EventType "swiss"]
[EventRounds "9"]
[EventCountry "RUS"]
[SourceTitle "EXT 2000"]
[Source "ChessBase"]
[SourceDate "1999.11.16"]
[SourceVersion "1"]
[SourceVersionDate "1999.11.16"]
[SourceQuality "1"]

1. e4 c5 2. Nf3 e6 3. d4 cxd4 4. Nxd4 a6 5. Nc3 b5 6. Bd3 Qb6 7. Nb3 Qc7 8. 0-0 Bb7 9. Re1 d6 10. a4 bxa4 11. Rxa4 Nf6 12. Bf4 Be7 13. e5 Qc6 14. f3 dxe5 15. Bxe5 Nbd7 16. Bd4 Qc7 17. Qe2 Bd6 18. h3 Nh5 19. Bf2 Nf4 20. Qd2 Nxd3 21. Qxd3 Ne5 22. Qe2 Ng6 23. Ne4 Bxe4 24. Qxe4 0-0 25. Rea1 Be5 26. Rxa6 Rxa6 27. Rxa6 Bxb2 28. Ra8 Rd8 29. Rxd8+ Qxd8 30. c4 Qd1+ 31. Kh2 Qxb3 32. Qa8+ Nf8 33. Bc5 Be5+ 34. g3 Qb2+ 35. Kh1 Qb8 36. Qe4 Bxg3 0-1